000 00355nam a22001217a 4500
999 _c5136
_d5136
008 250701b ||||| |||| 00| 0 eng d
020 _a9780192737090
082 _aFIC MED
100 _aMEDDOUR,WENDY
_eAUTHOR
245 _aWENDY QUILL IS A CROCODILE'S BOTTOM
260 _aGREAT CLARENDON STREET,OXFORD OX2 6DP
_bOXFORD UNIVERSITY PRESS
_c2013
942 _2ddc